Tom Clancy's Rainbow Six Siege - Guess the Operator Ability - Statistics

General Stats
  • This quiz has been taken 479 times
  • The average score is 12 of 16
Answer Stats
Picture Answer % Correct
Hibana
94%
Kapkan
94%
Doc
90%
Thorn
89%
Azami
88%
Alibi
85%
Blackbeard
84%
Jackal
80%
Aruni
74%
Deimos
68%
Melusi
68%
Skopos
68%
Thunderbird
61%
Lion
59%
Buck
37%
Kali
24%
No matching quizzes found
Score Distribution
Percent of People with Each Score
Percentile by Number Answered
Your Score History
You have not taken this quiz